000 00815nas a2200265 4500
001 BR9213173
003 BR-BrBNA
005 20231205095232.0
007 ta
008 230509b bl.|||p| |||| 00| 00por d
040 _aBR-BrBNA
_bpor
_cBiblioteca Nacional de Agricultura
041 _a(Pt)
072 _aF02
100 1 _aCorrea, D. de M.
100 1 _aPasqual, M.
100 1 _aYui, E.
245 1 _aConcentracoes de acido giberelico e de acido naftaleno acetico na propagacao in vitro da macieira Fuji
650 _aMaca
650 _aAcido Giberelico
650 _aAcido Naftaleno-Acetico
650 _aReproducao Vegetal
773 0 _tCiencia e Pratica (Brazil)
_xISSN 0100-3267
_g(Jan-Mar 1991), v. 15(1) p. 26-31
_wBR9213173
909 _a202311
_bLúcia
_c55
_dLúcia Elande
942 _2AGRIS
_n0
_cANA
999 _c149515
_d149515